| 000 | 00929nam a22002657a 4500 | ||
|---|---|---|---|
| 001 | 2077 | ||
| 003 | FISKH | ||
| 005 | 20231106092932.0 | ||
| 008 | 231103b cb ||||| |||| 00| 0 eng d | ||
| 020 | _a9781617415609 | ||
| 040 |
_aFISKH _beng _cFISKH _dFISKH |
||
| 050 | _a813 | ||
| 082 | _aTL716.R34 | ||
| 100 | _aReasoner, Charles | ||
| 245 |
_aHelicopters! / _cBy Charles Reasoner |
||
| 260 |
_aGuangdong : _bRourke, _c2011. |
||
| 300 |
_a10 unnumbered pages : _bcolor illustrations ; _c20 cm |
||
| 490 | _aBig busy machines | ||
| 505 | _aG | ||
| 520 | _aThe Helicopters! board book provides the perfect way to introduce reading in your home. This book engages early learners by using short, simple language and cute illustrations to bring helicopters to life for little ones. | ||
| 521 | 8 |
_a400
_bLexile |
|
| 521 | 8 |
_aG
_bRaz-Plus |
|
| 650 |
_aHelicopters _vJuvenile literature |
||
| 942 |
_2ddc _cBK _n0 |
||
| 999 |
_c2077 _d2077 |
||